| 000 | 00000nam 2200000zi 4500 |
| 001 | 9.947733 |
| 003 | CaOODSP |
| 005 | 20250205085123 |
| 006 | m o d f |
| 007 | cr mn||||||||| |
| 008 | 250205t20252025onc o f000 0 eng d |
| 040 | |aCaOODSP|beng|erda|cCaOODSP |
| 043 | |an-cn--- |
| 086 | 1 |aH113-24/2025-3E-PDF |
| 245 | 00|aLambda-cyhalothrin. |
| 264 | 1|aOttawa, Ontario : |bPest Management Regulatory Agency, Health Canada, |c2025. |
| 264 | 4|c©2025 |
| 300 | |a1 online resource (7 pages). |
| 336 | |atext|btxt|2rdacontent |
| 337 | |acomputer|bc|2rdamedia |
| 338 | |aonline resource|bcr|2rdacarrier |
| 490 | 1 |aProposed maximum residue limit, |x1925-0843 ; |vPMRA2025-03 |
| 500 | |a"3 February 2025." |
| 500 | |aCover title. |
| 500 | |aIssued also in French under title: Lambda-cyhalothrine. |
| 520 | |a"The final decision for lamba-cyhalothrin indicated that the re-instatement of the livestock feed uses has value and the human health and environmental risks associated with theses uses are acceptable. However, the risks from dietary exposure to residues of lamba-cyhalothrin in or on apples and peaches, when considered with the re-instatement of the livestock feed uses, were not shown to be acceptable. Therefore, maximum residue limits (MRLs) for apples and peaches are proposed for revocation"--Background, page 1. |
| 650 | 0|aPesticides|xCertification|zCanada. |
| 650 | 0|aInsecticides|xCertification|zCanada. |
| 650 | 0|aPesticide residues in food|xStandards|zCanada. |
| 710 | 1 |aCanada. |bPest Management Regulatory Agency, |eissuing body. |
| 775 | 08|tLambda-cyhalothrine.|w(CaOODSP)9.947735 |
| 830 | #0|aProposed maximum residue limit,|x1925-0843 ; |vPMRA2025-03.|w(CaOODSP)9.505147 |
| 856 | 40|qPDF|s280 KB|uhttps://publications.gc.ca/collections/collection_2025/sc-hc/h113-24/H113-24-2025-3-eng.pdf |
| 856 | 4 |qHTML|sN/A|uhttps://www.canada.ca/en/health-canada/services/consumer-product-safety/pesticides-pest-management/public/consultations/proposed-maximum-residue-limit/2025/lambda-cyhalothrin/document.html |